000 00409nam a2200157Ia 4500
008 230524s9999 xx 000 0 und d
082 _a621.3827
_bVIS
100 _aThiagarajan Viswanathan
245 0 _aTelecommunication Switching Systems and Networks
250 _a34TH
260 _aNEW DELHI
_bPHI
_c2005
300 _aXX;583
500 _aQuantity Number: 130
650 _aElectronics
942 _cBK
999 _c24686
_d24686